La fórmula leucocitaria y su valor clínico / (Record no. 100378)

MARC details
000 -LEADER
campo de control de longitud fija 00583nam a2200181 i 4500
001 - NÚMERO DE CONTROL
campo de control 100378
003 - IDENTIFICADOR DE NÚMERO DE CONTROL
campo de control ES-MaACL
005 - FECHA Y HORA DE LA ÚLTIMA TRANSACCIÓN
campo de control 20250928120456.0
007 - CAMPO FIJO DE DESCRIPCIÓN FÍSICA--INFORMACIÓN GENERAL
campo de control de longitud fija t|
008 - DATOS DE LONGITUD FIJA--INFORMACIÓN GENERAL
campo de control de longitud fija 050926s1921 sp ||||1| spa d
100 1# - ENTRADA PRINCIPAL--NOMBRE DE PERSONA
Nombre de persona Mas y Magro, Francisco.
9 (RLIN) 78653
245 13 - MENCIÓN DEL TÍTULO
Título La fórmula leucocitaria y su valor clínico /
Mención de responsabilidad, etc. Francisco Mas y Magro; prólogo del Dr. D. Teófilo Hernando.
260 ## - PUBLICACIÓN, DISTRIBUCIÓN, ETC.
Lugar de publicación, distribución, etc. Madrid :
Nombre del editor, distribuidor, etc. Saturnino Calleja,
Fecha de publicación, distribución, etc. 1921.
300 ## - DESCRIPCIÓN FÍSICA
Extensión 242 p., 1 lám. ;
Dimensiones 19 cm.
700 1# - ENTRADA AGREGADA--NOMBRE PERSONAL
Nombre de persona Hernando, Teófilo,
Fechas asociadas al nombre 1881-1976
9 (RLIN) 63094
852 ## - LOCALIZACIÓN
Ubicación ES-MaACL
Número de control de estantería E-271
Holdings
Estatus retirado Estado de pérdida Estado de daño No para préstamo Biblioteca de origen Biblioteca actual Ubicación en estantería Fecha de adquisición Fuente de adquisición Total de préstamos Signatura topográfica completa Código de barras Visto por última vez Precio de reemplazo Tipo de ítem Koha
        Biblioteca del Ateneo de Madrid Biblioteca del Ateneo de Madrid Depósito 2 17/01/2008     E-271 1104808 23/02/2023 23/02/2023 Libro impreso